| 000 | 00821nam a2200265 i 4500 | ||
|---|---|---|---|
| 001 | 91963 | ||
| 003 | ES-MaACL | ||
| 005 | 20230906180850.0 | ||
| 007 | t| | ||
| 008 | 050310s2003 sp ||||1| spa d | ||
| 020 | _a84-95495-39-2 | ||
| 080 | _a523 | ||
| 245 | 0 | 0 |
_aCrónicas del sistema solar / _c[editores científicos: Francisco Anguita Virella y Gabriel Castilla Cañamero]. |
| 250 | _a1ª ed. | ||
| 260 |
_aMadrid : _bEquipo Sirius, _c2003. |
||
| 300 |
_a247 p., [32] p. de lám. : _bil. ; _c24 cm. |
||
| 490 | 1 | _aMilenium | |
| 504 | _aBibliografía: p. 245-247. | ||
| 650 |
_aSistema solar. _9195183 |
||
| 700 | 1 |
_aAnguita Virella, Francisco. _921773 |
|
| 700 | 1 |
_aCastilla Cañamero, Gabriel. _936649 |
|
| 830 | 0 |
_aMilenium _9184768 |
|
| 852 |
_aES-MaACL _jL-29012 _bR.135480 |
||
| 999 |
_c91963 _d91963 |
||